| 000 | 00927cam a22002531 4500 | ||
|---|---|---|---|
| 001 | gs 49000208 | ||
| 003 | DLC | ||
| 005 | 20260227111355.0 | ||
| 008 | 860620s1948 kyuab 000 0 eng c | ||
| 010 | _ags 49000208 | ||
| 035 | _a(OCoLC)13758214 | ||
| 040 |
_aU.S. Geol. Survey. Libr. _cKyU _dKyU _dOCoLC _dDLC |
||
| 042 | _apremarc | ||
| 050 | 0 | 0 |
_aQE116.L75 _bA5 1948 |
| 110 | 1 |
_aKentucky. _bDivision of Geology. |
|
| 245 | 1 | 0 | _aGeology and ground-water resources of the London area, Kentucky, by E.G. Otton. Prepared in cooperation with the Geological Survey, U.S. Department of the Interior. |
| 260 |
_a[Lexington?] _c1948. |
||
| 300 |
_a47 p. _billus., maps (part fold.) _c27 cm. |
||
| 504 | _aBibliography: p. 47. | ||
| 650 | 0 |
_aGeology _zKentucky _zLondon area. |
|
| 650 | 0 |
_aGroundwater _zKentucky _zLondon area. |
|
| 650 | 0 |
_aWater-supply _zKentucky _zLondon area. |
|
| 700 | 1 |
_aOtton, E. G. _q(Edmond George), _d1918- |
|
| 999 |
_c28394 _d28394 |
||